[Event "16th IRI-chT Super League 2017"]
[Site "Sari"]
[Date "2017.10.17"]
[Round "7"]
[White "Hosseinzadeh, Nima"]
[Black "Aghaei, Alireza"]
[Result "1/2-1/2"]
[WhiteElo "2307"]
[BlackElo "2246"]
[Annotator "TA"]
[PlyCount "126"]
[EventDate "2017.??.??"]
[EventType "team-tourn"]
[EventCountry "IRI"]
[SourceTitle "playchess.com"]
[Source "ChessBase"]
[SourceQuality "1"]

{[%evp 26,126,26,3,22,2,13,10,0,0,4,10,14,0,0,0,27,26,20,14,61,0,0,0,0,0,0,0,0,-14,0,-22,39,32,63,60,63,46,46,45,122,122,237,114,114,122,572,154,314,29,34,20,20,20,41,41,47,20,20,27,47,20,20,0,20,12,12,0,0,0,0,0,0,0,0,0,0,0,0,0,0,0,0,0,0,0,0,0,0,0,0,0,0,0,0,0,0,0,0,0,0,0,29990]} 1. e4 e6 2. d4 d5 3. Nd2 c5 4. Ngf3 Nc6 5. exd5 exd5 6. Bb5 Bd6 7. dxc5 Bxc5 8. O-O Nge7 9. Nb3 Bd6 10. Bg5 O-O 11. Bh4 Bg4 12. Bg3 Bxg3 {C09: French Tarrasch: 3...c5 4 exd5 exd5 5 Ngf3 Nc6} 13. hxg3 Qb6 14. Bd3 {LiveBook: 5 Games} Nf5 15. Bxf5 Bxf5 16. c3 Be4 17. Qd2 a5 18. Nbd4 a4 {[#]} 19. Rad1 $146 ({Predecessor:} 19. Rfe1 Rfe8 20. Rad1 {½-½ (58) Browne,W (2530)-Uhlmann,W (2560) Madrid 1973}) 19... Na5 20. Qc1 Rfc8 21. Nd2 Bg6 22. Rfe1 a3 23. b4 (23. b3 $14) 23... Nc6 $11 24. Nxc6 $1 Qxc6 25. Nb3 h6 26. Rd4 Re8 27. Rxe8+ Rxe8 28. Nd2 Rc8 (28... Re2 $11) 29. Qxa3 $14 Qxc3 30. Qxc3 Rxc3 {[%mdl 4096] Endgame KRB-KRN} 31. a4 Ra3 32. a5 $1 Ra1+ (32... Rd3 $14 33. Rxd3 Bxd3) 33. Kh2 $16 Rd1 (33... Ra2 $16) 34. f3 ({Don't do} 34. Rxd5 $6 Kf8 $16) (34. b5 $18 {has better winning chances.}) 34... Kf8 35. Rxd5 {aiming for b5.} h5 $2 {[%mdl 8192]} (35... Ke7 $16) 36. Rd4 $2 (36. b5 $18 {and the rest is easy.}) 36... Bc2 $2 {[#]} (36... Bf5 $16) 37. Rd7 $2 (37. b5 $1 $18 Ba4 38. Rxa4 Rxd2 39. Kh3 (39. a6 bxa6 40. bxa6 Rd8 $18)) 37... Ba4 38. Rxb7 Rxd2 39. b5 {Strongly threatening a6.} Bxb5 40. Rxb5 $11 {KR-KR} g6 41. a6 Ra2 42. Rb6 Kg7 43. Rd6 Ra1 {The position is equal.} 44. Rb6 Kh6 45. f4 Kg7 46. g4 hxg4 47. Kg3 Ra2 48. Kxg4 {Kf3 is the strong threat.} Rxg2+ 49. Kf3 Ra2 50. Ke4 Ra5 51. Kd4 f6 52. Kc4 g5 53. Kb4 Ra1 54. fxg5 fxg5 55. Rc6 g4 56. Kb5 {[#] And now Rc4 would win.} Kf7 57. Kb6 g3 58. Rc2 Ke6 59. Rg2 Ra3 60. a7 Rb3+ 61. Kc5 Ra3 $1 62. Kb6 Rb3+ 63. Kc5 Ke5 $2 {[%mdl 40960] Precision: White = 34%, Black = 55%. . An unexpected result.} (63... Ra3 $11) 1/2-1/2

[Event "16th IRI-chT Super League 2017"]
[Site "Sari"]
[Date "2017.10.17"]
[Round "7"]
[White "Alinasab, Mobina"]
[Black "Asgharzadeh, Mitra"]
[Result "0-1"]
[WhiteElo "2252"]
[BlackElo "1978"]
[Annotator "TA"]
[PlyCount "116"]
[EventDate "2017.??.??"]
[EventType "team-tourn"]
[EventCountry "IRI"]
[SourceTitle "playchess.com"]
[Source "ChessBase"]
[SourceQuality "1"]

{[%evp 36,116,10,13,13,8,29,30,37,28,50,5,97,94,95,80,89,93,88,93,93,12,7,0,13,0,0,0,1,0,0,0,0,0,42,0,0,0,0,0,0,0,0,-749,-724,-668,-444,-372,-116,-881,-837,-822,-520,-584,-445,-1477,-1286,-1338,-1352,-5154,-617,-585,-521,-623,-596,-528,-407,-397,-404,-1764,-1762,-1624,-1624,-6544,-6520,-29988,-29989,-29989,-29990,-29993,-29994,-29995,-628]} 1. e4 c5 2. Nf3 d6 3. d4 cxd4 4. Nxd4 Nf6 5. Nc3 g6 6. Be3 Bg7 7. f3 O-O 8. Qd2 Nc6 9. O-O-O d5 10. Qe1 e5 11. Nxc6 bxc6 12. exd5 Nxd5 13. Bc4 Be6 14. Ne4 Qc7 15. Bc5 Rfd8 16. g4 Nf4 17. Qc3 {B76: Sizilianisch (Moderne Drachen-Variante)} Rd4 18. Bxd4 exd4 19. Qb4 {LiveBook: 3 Partien. Die Stellung ist ausgeglichen.} ({Falsch wäre} 19. Rxd4 $2 c5 $19) 19... c5 (19... d3 20. Bxe6 Ne2+ 21. Kb1 Rb8 22. Bxf7+ Kh8 23. Qxb8+ Qxb8 24. c3 Nxc3+ 25. Nxc3 Bxc3 {1-0 (41) Svidler,P (2738)-Radjabov,T (2744) Sochi 2008}) 20. Qa4 $1 ({Natürlich nicht} 20. Nxc5 Rb8 $17) 20... Nd5 {[#]} (20... Rb8 $5 {[%cal Rd4d3]}) 21. Bxd5 $146 ({Vorgänger:} 21. Qa3 Rb8 22. Rd2 Rb4 23. Bxd5 Bxd5 24. g5 Bxe4 25. fxe4 {1-0 (37) Bobras,P (2568)-Koepke,C (2374) Aghios Kirykos 2009}) 21... Bxd5 22. Rhe1 Rb8 23. g5 Bc6 (23... h5 $1 $11) 24. Qc4 $16 Qf4+ 25. Kb1 Bxe4 26. Rxe4 Qxg5 27. Rde1 Bf6 28. Re8+ (28. f4 $16 Qf5 29. Re8+ Rxe8 30. Rxe8+ Kg7 31. a4) 28... Rxe8 $11 29. Rxe8+ {[%mdl 4096] Endspiel KDT-KDL} Kg7 {[#] ( -> ...Dg1+)} 30. a3 Qg1+ 31. Ka2 d3 $1 $40 {[%cal Rd3d2][%mdl 128] Schwarz startet einen Angriff.} 32. Qxd3 Qxh2 33. Qe4 h5 34. f4 Qf2 35. Rb8 Qd4 36. Qf3 h4 37. Rb7 a5 38. Rb8 a4 39. Qg4 $2 {[%mdl 8192] [#]} (39. c3 $11 Qd7 40. Qa8) 39... Be5 $1 $19 {[%mdl 512]} 40. Rb7 (40. fxe5 Qxg4) 40... Qxf4 41. Qe6 {Weiss hofft, mit Te7 fortzusetzen.} Qf5 $2 (41... Bd4 $19 {Und ...Df3 würde nun gewinnen.} 42. Qd7 Qf5 43. Qxf5 gxf5) 42. Qe8 $2 {[%mdl 8192]} (42. Qxf5 $17 gxf5 43. b3) 42... h3 43. Re7 Bf4 44. Qa8 h2 45. Re8 (45. Re2 $142 g5 46. Qh1) 45... Qxc2 46. Rg8+ Kf6 47. Rh8 Qb3+ (47... Be5 $142 48. Qd8+ Kf5 49. Qd7+ Kf4 50. Rxh2 Qxh2 51. Qxa4+ Kg5) 48. Kb1 Be5 {[%csl Ge5][%cal Rb3b2]} 49. Qd8+ Kf5 {[%csl Ge5][%cal Rb3b2]} 50. Qd7+ Kg5 {[%csl Ge5][%cal Rb3b2]} 51. Qd2+ Bf4 52. Qd8+ (52. Qg2+ $142 Kf6 53. Rh7) 52... f6 53. Qd7 Qf3 54. Qh7 c4 {[%cal Bc5c4,Bc4c3][%mdl 32]} 55. Ka2 c3 {Schwarz setzt Matt.} 56. Qh4+ Kf5 57. bxc3 Qd5+ 58. Kb2 Qb3+ {Precision: Weiß = 35%, Schwarz = 64%.} 0-1

[Event "16th IRI-chT Super League 2017"]
[Site "Sari"]
[Date "2017.10.17"]
[Round "7"]
[White "Ettehadi, H."]
[Black "Firouzja, Alireza"]
[Result "0-1"]
[WhiteElo "2188"]
[BlackElo "2525"]
[Annotator "TA"]
[PlyCount "68"]
[EventDate "2017.??.??"]
[EventType "team-tourn"]
[EventCountry "IRI"]
[SourceTitle "playchess.com"]
[Source "ChessBase"]
[SourceQuality "1"]

{[%evp 9,68,-19,-17,-29,-19,-37,-32,-50,-33,-33,-31,-75,-79,-82,-47,-51,-33,-89,-79,-82,-82,-75,-74,-75,-65,-117,-109,-122,-141,-217,-210,-180,-174,-276,-260,-261,-244,-248,-245,-240,-252,-242,-253,-373,-379,-372,-381,-404,-403,-426,-420,-408,-351,-433,-459,-474,-471,-465,-453,-429,-416]} 1. f4 b6 2. Nf3 Bb7 3. e3 g6 4. Be2 Bg7 5. O-O Nf6 6. d3 {A02: Bird's Opening} d5 {[%cal Bd7d5,Bd5d4][%mdl 32]} 7. Qe1 c5 8. Ne5 {Black is slightly better.} Nfd7 9. Nxd7 Qxd7 $146 ({Predecessor:} 9... Nxd7 10. Bf3 e5 11. Nc3 e4 12. dxe4 d4 13. Nb5 {1-0 (25) Amin,B (2655)-Antonios,J (2224) Menton 2016}) 10. Bf3 Nc6 11. Nc3 d4 12. Nd1 f5 13. e4 ({Better is} 13. Bd2 $15) 13... Nb4 $17 14. Qd2 fxe4 15. dxe4 O-O $36 {[%mdl 2048] Keeping White busy.} 16. a3 Nc6 17. Qe2 ({White should play} 17. Qd3 $15) 17... e5 18. Bg4 {[#]} d3 $1 {[%cal Rd3e2][%mdl 512]} 19. Qf3 (19. cxd3 $17 Nd4 20. Bxd7 Nxe2+ 21. Kh1) 19... Qd4+ $19 20. Be3 Qd6 21. cxd3 (21. f5 $142) 21... exf4 $1 ({Less strong is} 21... Qxd3 22. Be6+ Kh8 23. Nf2 $15) 22. Bxf4 {[#]} Bd4+ $1 23. Kh1 {[#]} Be5 $1 24. g3 {[#]} g5 $1 {[%cal Rg5f4][%mdl 512]} 25. Ne3 (25. Bxg5 Rxf3) 25... gxf4 26. Nf5 (26. gxf4 $142 Rxf4 27. Qh3) 26... Qc7 27. gxf4 Bxb2 28. Ra2 Bf6 29. Rg2 Kh8 30. Qh3 Nd4 31. Nh6 {White wants to play Bd7.} Bg7 {Black is clearly winning.} 32. Nf5 Nxf5 33. Bxf5 {[%csl Gf5][%cal Rh3h7]} Bd4 34. Rg5 Bc8 {Precision: White = 36%, Black = 89%.} 0-1

[Event "16th IRI-chT Super League 2017"]
[Site "Sari"]
[Date "2017.10.17"]
[Round "7"]
[White "Maleki, Mojtaba"]
[Black "Gholami, Aryan"]
[Result "0-1"]
[WhiteElo "2151"]
[BlackElo "2482"]
[Annotator "TA"]
[PlyCount "72"]
[EventDate "2017.??.??"]
[EventType "team-tourn"]
[EventCountry "IRI"]
[SourceTitle "playchess.com"]
[Source "ChessBase"]
[SourceQuality "1"]

{[%evp 17,72,32,35,-5,22,16,33,-34,-20,-16,-11,-23,-12,-31,0,0,-5,-22,-16,-34,-18,-51,-8,-166,-168,-139,-160,-188,-191,-199,-187,-202,-206,-173,-153,-131,-39,-507,-479,-735,-733,-697,-725,-714,-687,-696,-360,-338,-317,-1900,-1900,-1855,-1802,-1272,-1102,-2314,-2219]} 1. d4 Nf6 2. c4 e6 3. Nf3 b6 4. a3 c5 5. d5 Ba6 6. Qc2 exd5 7. cxd5 g6 8. Nc3 Bg7 9. g3 {E12: Damenindisch (Petrosjan-System und 4. oder 5.Lg5)} (9. h4 d6 10. Bg5 h6 11. Bf4 Qe7 12. e3 Bxf1 13. Kxf1 a6 14. Nd2 b5 15. Nde4 Nxe4 16. Nxe4 Be5 17. Bxe5 Qxe5 {½-½ (37) Dubov,D (2629)-Harikrishna,P (2725) Doha 2014}) 9... O-O {LiveBook: 264 Partien} 10. Bh3 d6 11. O-O {Die Stellung ist ausgeglichen.} Re8 12. a4 $146 ({Günstiger ist} 12. Re1 $14) ({Vorgänger:} 12. Re1 b5 13. e4 Nbd7 14. Bf4 Qb6 15. Rad1 Bc8 16. Bf1 a6 {1-0 (31) Kazhgaleyev,M (2526)-Spiridonov,N (2400) Cannes 2000}) 12... Bb7 13. e4 Na6 {[%cal Bb8a6,Ba6b4,Bb4d5,Bd5f4][%mdl 32]} 14. Re1 Nb4 $36 {[%mdl 2048] Schwarz steht aktiver.} 15. Qb1 $1 Ba6 16. Nb5 $1 Qe7 {[%cal Rf6e4]} 17. Bf4 Bxb5 18. axb5 Nxe4 19. Bg2 Nxd5 {[#]} 20. Nd2 $2 (20. Bg5 $1 $11 {[%mdl 512]} f6 (20... Nxg5 21. Rxe7) 21. Qa2) 20... Nxf4 $19 21. Rxe4 Ne6 22. Rea4 {[#]} d5 $1 23. Bxd5 Rad8 24. Rxa7 Qd6 25. Bxe6 Qxe6 26. Qc2 Qg4 (26... h5 $17 {Droht stark ...h4!} 27. Nc4 Bd4) 27. Qb3 $2 {[%mdl 8192] [#]} (27. Qc4 $1 $15 Qf5 28. g4) 27... Qf5 $1 28. Nc4 (28. Qd1 $142) 28... Re2 29. Rf1 Bd4 {[%cal Rd4f2]} 30. Ne3 Qf3 {[%cal Rd4e3]} 31. Re7 Rxb2 32. Qd3 Ra8 33. Re4 $2 (33. Qe4 Qxe4 34. Rxe4) 33... Rxf2 {( -> ...Lxe3). Schwarz steht klar auf Gewinn.} 34. Rxd4 cxd4 35. Rxf2 Ra1+ 36. Rf1 Rxf1+ {Precision: Weiß = 33%, Schwarz = 62%.} 0-1

[Event "16th IRI-chT Super League 2017"]
[Site "Sari"]
[Date "2017.10.17"]
[Round "7"]
[White "Mahdian, Anousha"]
[Black "Zahedifar, Anahita"]
[Result "0-1"]
[WhiteElo "1976"]
[BlackElo "2063"]
[Annotator "NA RC"]
[PlyCount "188"]
[EventDate "2017.??.??"]
[EventType "team-tourn"]
[EventCountry "IRI"]
[SourceTitle "playchess.com"]
[Source "ChessBase"]
[SourceQuality "1"]
[TimeControl "5400+30"]

{[%evp 83,188,-78,-70,-77,-64,-68,-63,-91,-81,-86,-89,-97,-98,-92,-82,-92,-75,-76,-69,-81,-81,-76,-69,-73,-65,32767,32767,32767,32767,-42,-28,-40,-15,-41,-38,-23,-11,-73,-17,-15,-15,-15,-11,-46,0,-36,-42,-215,-254,-219,-250,-278,-387,-485,-352,-253,-363,-490,-375,-569,-391,-524,0,-383,-747,-434,-397,-432,-1344,-1457,-525,-12837,-12839,-1181,-12838,-1340,-897,-12841,-1425,-1369,-1879,-12849,-788,-12842,-2105,-12840,-1741,-2754,-29981,-29976,-12844,-29991,-12846,-29992,-12847,-29993,-29992,-29992,-29993,-12847,-12847,-29992,-29993,-29993,-29994,-29994,-29995]} 1. Nf3 d5 2. g3 Nf6 3. Bg2 Bf5 4. c4 c6 5. O-O e6 6. cxd5 cxd5 7. Qb3 {A11: English Opening: 1...c6} Qc7 (7... Qb6 8. Qxb6 axb6 9. Nc3 Nc6 10. d3 Bc5 11. Bf4 O-O 12. Nh4 Bg6 13. Nxg6 hxg6 14. Bd2 Rfc8 15. Rfc1 Ng4 16. Be1 f5 17. Rab1 Kf7 18. a3 Nd4 19. e3 {½-½ (42) Rapport,R (2731)-Navara,D (2744) Prague 2016}) 8. d3 Nc6 9. Nc3 a6 10. Bf4 Bd6 11. Bxd6 Qxd6 12. e4 $146 ({Predecessor:} 12. Qxb7 O-O 13. Qb3 Rab8 14. Qc2 Rfc8 {½-½ (46) Wohl,A (2360)-Norris,D (2235) Jakarta 1993}) 12... dxe4 13. dxe4 Nxe4 14. Qxb7 Rb8 15. Qxa6 Nc5 16. Qa3 O-O 17. Na4 Nb4 18. Rad1 Qc6 19. Nxc5 Qxc5 20. Rc1 Qb6 21. Ne5 Nc2 22. Qf3 Qxb2 23. Nc6 Ra8 24. Ne7+ Kh8 25. Nxf5 exf5 26. Qe2 Rac8 27. a4 Qc3 28. Kh1 Qb3 29. Qb5 Qe6 30. Qd3 Rfd8 31. Qf3 Rc5 32. a5 Rdc8 33. a6 Qxa6 34. Rcd1 Qe6 35. Qd3 h6 36. Qd7 R5c7 37. Qd2 Na3 38. Rfe1 Qf6 39. Qf4 Rc4 40. Qf3 Nc2 41. Rf1 Rc3 42. Qb7 R3c7 43. Qd5 Nb4 44. Qb5 Na2 45. Qa5 Nc3 46. Rde1 {[#]} Ne4 $1 47. Qa3 Rc3 48. Qb2 Qg6 49. Re2 Qc6 50. Qb4 Rc1 51. Rfe1 Qc4 52. Qxc4 R8xc4 53. Kg1 R4c2 54. Bxe4 Rxe2 55. Rxc1 fxe4 56. Rc5 Re1+ 57. Kg2 f6 58. Rc8+ Kh7 59. g4 Kg6 60. Rc5 {[#]} (60. Rc7 $11 {remains equal.}) 60... Kf7 (60... e3 $1 $17 61. Rc3 exf2 62. Kxf2 Re5) 61. Rc7+ Kg8 62. Rc8+ Kh7 63. Ra8 Re2 64. Kf1 Rb2 65. Ra4 $2 {[#]} ({White should try} 65. Re8 $15) 65... e3 $1 66. fxe3 Rxh2 67. Kg1 Re2 68. Re4 Kg6 69. Re8 Kg5 70. Re7 g6 71. Re4 $1 Ra2 72. Rb4 Re2 $2 (72... Rd2 $19 73. Rf4 Re2) 73. Re4 Kh4 74. Kf1 Rh2 75. Kg1 Rh3 76. Kf2 Kg5 77. Rf4 Rh4 78. Kf3 f5 79. Ra4 Rxg4 80. Ra1 h5 81. Rh1 h4 82. Rh3 {[#]} Kf6 $19 (82... Rg3+ $142 $1 83. Rxg3+ hxg3 84. Kxg3 Kh5) 83. Kf2 Rb4 84. Rh1 g5 85. Ra1 Rb2+ 86. Kg1 g4 87. Ra4 h3 88. Ra1 g3 89. Re1 Ke5 90. Ra1 Ke4 91. Ra4+ Kxe3 92. Ra3+ Kf4 93. Ra4+ Kg5 94. Ra1 f4 0-1

[Event "16th IRI-chT Super League 2017"]
[Site "Sari"]
[Date "2017.10.18"]
[Round "8"]
[White "Tabatabaei, M amin"]
[Black "Najafiyan Pour, Mahyar"]
[Result "1-0"]
[WhiteElo "2566"]
[BlackElo "2072"]
[Annotator "TA"]
[PlyCount "94"]
[EventDate "2017.??.??"]
[EventType "team-tourn"]
[EventCountry "IRI"]
[SourceTitle "playchess.com"]
[Source "ChessBase"]
[SourceQuality "1"]

{[%evp 24,94,0,0,29,44,37,37,91,91,91,93,82,82,208,208,208,210,248,241,249,235,252,244,336,343,370,370,370,339,373,373,373,370,342,358,387,446,493,492,519,500,533,550,560,542,644,630,788,757,1052,949,4718,4698,1662,1455,6087,5877,5604,4627,5302,5640,4525,4418,2802,2422,29990,29991,29994,3976,29986,29987,29996]} 1. c4 c5 2. Nf3 Nc6 3. Nc3 g6 4. e3 Nf6 5. d4 cxd4 6. exd4 d5 7. cxd5 Nxd5 8. Qb3 e6 9. Bb5 Bg7 10. Bg5 {A35: Symmetrical English: 2 Nc3 Nc6 3 Nf3} (10. O-O O-O 11. Bxc6 bxc6 12. Na4 Qd6 13. Re1 Rb8 14. Qd1 c5 15. Nxc5 Bb7 16. Bg5 Ba8 17. Qd2 Rb5 {0-1 (59) Caruana,F (2807)-Le,Q (2739) Saint Louis 2017}) 10... Qa5 11. Bd2 Qb6 12. Na4 Qc7 13. Rc1 {LiveBook: 4 Games} O-O 14. Bxc6 bxc6 15. O-O {[%cal Bh1f1,Bf1e1,Be1e2][%mdl 32]} Ba6 $146 (15... Re8 $14) ({Predecessor:} 15... a5 16. Rfe1 Ba6 17. Ne5 Bb5 {1-0 (57) Demuth,A (2527)-Kaczmarczyk,D (2411) Bad Ragaz 2017}) 16. Rfe1 $16 Nf4 17. Bxf4 $1 Qxf4 18. Nc5 ({Don't play} 18. Rxc6 Rab8 $15) 18... Be2 (18... Bc8 $16 {was called for.}) 19. Nxe6 $1 $18 fxe6 20. Qxe6+ Qf7 21. Rxe2 Qxe6 22. Rxe6 Rfd8 23. Rc4 Rab8 24. b3 ({Less strong is} 24. Rexc6 Rxb2 25. g3 Rf8 $16) 24... Rb6 {If Black can now play ...c5 this consolidates a bit.} 25. Rexc6 Rxc6 26. Rxc6 Bxd4 27. Nxd4 Rxd4 {[%cal Rd4d1][%mdl 4096] [#] Endgame KR-KR} 28. Rc8+ Kg7 {[%cal Rd4d1]} 29. Rc7+ Kh6 {[%cal Rd4d1]} 30. g3 a5 31. Ra7 Rd5 32. h4 g5 33. hxg5+ Rxg5 34. a4 {[%cal Ba2a4,Ba4a5,Ba5a6,Ba6a7][%mdl 32]} Kg6 35. Rb7 Rc5 36. Rb5 Rc3 37. Rxa5 Rxb3 38. Ra8 Kf5 39. a5 Kg6 40. a6 Kh6 41. a7 Rb7 42. f4 Kh5 43. Kf2 Re7 44. Kf3 h6 45. g4+ Kh4 46. g5 (46. Rh8 $142 Re6 47. a8=Q Kh3 48. Qd5 Kh2 49. Qxe6 h5 50. Qe2+ Kh3 51. Rxh5#) 46... Rh7 47. g6 Rh8 {Precision: White = 91%, Black = 17%.} 1-0

[Event "16th IRI-chT Super League 2017"]
[Site "Sari"]
[Date "2017.10.18"]
[Round "8"]
[White "Maghsoodloo, Parham"]
[Black "Jamshidi, Amir Hossein"]
[Result "1-0"]
[WhiteElo "2560"]
[BlackElo "2224"]
[Annotator "TA"]
[PlyCount "100"]
[EventDate "2017.??.??"]
[EventType "team-tourn"]
[EventCountry "IRI"]
[SourceTitle "playchess.com"]
[Source "ChessBase"]
[SourceQuality "1"]

{[%evp 13,100,-4,-6,-20,8,4,6,5,35,27,25,16,21,0,12,7,15,-4,8,2,31,18,74,35,31,0,0,0,11,0,3,10,42,17,34,26,55,31,56,54,50,53,50,54,52,16,15,27,21,23,59,47,81,78,93,89,103,95,90,85,126,126,126,126,256,281,323,267,271,262,250,258,259,266,254,256,229,246,373,361,363,356,342,309,2041,1756,1187,0,390]} 1. Nf3 Nf6 2. g3 g6 3. Bg2 Bg7 4. O-O O-O 5. d4 d5 6. c4 c6 7. Qb3 Qb6 8. Rd1 {D78: Fianchetto Grünfeld: 6 0-0 c6} (8. cxd5 cxd5 9. Qxb6 axb6 10. Nc3 Nc6 11. Bf4 Bf5 12. Rfc1 e6 13. h3 h5 14. e3 Ne4 15. Nxe4 Bxe4 16. Bd6 Rfc8 17. Nd2 Bxg2 18. Kxg2 e5 19. dxe5 Nxe5 20. Rxc8+ Rxc8 21. Bxe5 Bxe5 {½-½ (26) Giri,A (2771)-Caruana,F (2808) Stavanger 2017}) 8... Qxb3 $146 ({Predecessor:} 8... Bf5 9. cxd5 Qxb3 10. axb3 cxd5 11. Ne1 Be4 12. f3 Bxb1 13. Rxb1 Nc6 14. e3 Na5 15. Rd3 Nc6 {1-0 (88) Maghsoodloo,P (2566)-Mchedlishvili,M (2609) Baku 2016}) 9. axb3 Bf5 10. Ne1 Bxb1 11. Rxb1 e6 12. f3 Nbd7 13. Nc2 Nb6 14. Na3 Rfd8 15. Be3 Ne8 16. Bf2 f5 17. e4 Nf6 (17... fxe4 $11 {keeps the balance.} 18. fxe4 Nf6) 18. cxd5 (18. c5 {looks sharper.} Nbd7 19. e5 Ne8 20. b4 a6 21. Be3) 18... cxd5 19. exf5 exf5 20. Nc2 {[%cal Ba3c2,Bc2e1,Be1d3,Bd3c5][%mdl 32]} Rac8 21. Ne1 Nbd7 22. Nd3 Bf8 23. Be1 Re8 24. Bc3 Bd6 25. Ra1 Bb8 26. b4 Nb6 27. Nc5 Re7 28. Bf1 Nc4 29. Bxc4 dxc4 30. d5 Ne8 31. Re1 (31. Kf2 {keeps more tension.} Nd6 32. f4 b6 33. Ne6 Rd7 34. Kf3) 31... Rxe1+ 32. Rxe1 b6 33. Ne6 $36 {[%mdl 2048] White is really pushing.} Nd6 {[#]} 34. Nd4 $1 Re8 35. Rxe8+ Nxe8 $16 {[%mdl 4096] Endgame KBN-KBN} 36. Nc6 Bd6 37. Nxa7 Kf7 38. Kf2 Bb8 (38... f4 $16 {was called for.} 39. Kg2 Nf6) 39. Nc6 $18 Bd6 40. Ke3 Nc7 41. Kd4 b5 {[#]} 42. Bd2 $1 Ke8 43. Bf4 Kd7 44. Nb8+ Ke7 45. Be5 Ne8 (45... Na8 {keeps fighting.} 46. Nc6+ Kd7 47. Nb8+ Ke7) 46. Nc6+ Kd7 47. Na7 Nc7 48. f4 Ke7 $2 (48... h6 49. Bg7 Be7 50. Bxh6 Bf6+ 51. Kc5 Be7+ 52. Kb6 Bxb4) 49. Nc8+ Kd7 50. Na7 $2 (50. Nxd6 $18 Na6 51. Nxb5 Nxb4 52. Kxc4) 50... Bxb4 $2 {[%mdl 8192] Precision: White = 67%, Black = 34%.} (50... Ke7 $1 $11 {and Black stays safe.}) 1-0

[Event "16th IRI-chT Super League 2017"]
[Site "Sari"]
[Date "2017.10.18"]
[Round "8"]
[White "Firouzja, Alireza"]
[Black "Molaei, Mohammadamin"]
[Result "1/2-1/2"]
[WhiteElo "2525"]
[BlackElo "2326"]
[Annotator "TA"]
[PlyCount "160"]
[EventDate "2017.??.??"]
[EventType "team-tourn"]
[EventCountry "IRI"]
[SourceTitle "playchess.com"]
[Source "ChessBase"]
[SourceQuality "1"]

{[%evp 21,160,41,41,36,41,40,47,45,58,56,64,52,70,59,114,83,76,84,92,63,63,44,53,52,77,53,61,43,35,34,19,29,189,179,210,220,210,197,203,197,193,195,210,206,219,219,204,208,231,224,232,188,193,150,154,153,141,141,176,130,133,106,106,107,134,98,96,85,93,27,27,18,31,44,47,8,14,8,26,20,32,8,52,8,17,22,130,8,11,8,8,12,318,318,273,246,273,0,0,0,0,0,0,0,0,0,0,0,0,0,0,0,0,0,0,0,0,0,0,0,0,0,0,0,0,0,0,0,0,0,0,0,0,0,0,0,0,0,0,0,0]} 1. e4 c5 2. Nf3 g6 3. d4 cxd4 4. Nxd4 Nc6 5. c4 Nf6 6. Nc3 d6 7. Be2 Nxd4 8. Qxd4 Bg7 9. Be3 O-O 10. Qd2 Qa5 11. O-O Be6 12. b3 {B36: Sicilian: Maroczy Bind: Gurgenidze System} Rfc8 13. Rfc1 a6 14. Rab1 {White is slightly better.} Qd8 15. f3 h5 16. Bf1 Kh7 {[#]} 17. h3 $146 ({Predecessor:} 17. Ne2 Qf8 18. Nd4 Bd7 19. Bg5 Rc5 20. Re1 a5 21. a3 Rac8 {½-½ (55) Kaminski,M (2540)-Kveinys,A (2555) Krynica 1997}) 17... Rc6 (17... Bd7 $14) 18. Ne2 Qf8 19. Nd4 Rc7 20. Bd3 Bd7 21. f4 e5 22. Nf3 Re8 23. Rf1 Kg8 24. Rbe1 Bc6 25. Ng5 $36 {[%mdl 2048] White is pushing.} exf4 26. Bxf4 Nd7 $2 {[#]} (26... Nh7 $11) 27. Nxf7 $1 $18 {[%mdl 512]} Qxf7 28. Bxd6 Bd4+ 29. Kh2 Qg7 {...Bc3 is the strong threat.} ({Avoid the trap} 29... Nf6 $2 30. e5 $18) 30. Bxc7 Bc3 31. Qg5 Ne5 32. Bxe5 $1 Rxe5 33. Qe3 Bxe1 34. Rxe1 Qe7 35. Qd4 Qg5 36. Qd6 h4 {And now ...Qg3+ would win.} 37. Kh1 Rf5 38. Be2 Rf2 {[%csl Gf2][%cal Rg5g2] [#]} 39. Bg4 $1 Kh7 40. a3 Kh6 41. b4 Qd2 42. Qxd2+ Rxd2 $16 {[%mdl 4096] Endgame KRB-KRB} 43. Bf3 Ra2 44. Re3 Kg5 45. e5 (45. Rb3 $16) 45... Kf4 $11 46. Rc3 {Hoping for e6.} (46. Rb3 {with more complications.} Bxf3 47. Rxf3+ Kxe5 48. Rd3 g5 49. b5) 46... Bxf3 47. Rxf3+ Kxe5 {KR-KR} 48. c5 g5 49. Kh2 Ke6 50. Rd3 Ra1 51. Rd6+ Kf5 52. Rb6 Rxa3 53. Rxb7 Rc3 {[#]} (53... Rb3 $11) 54. Rf7+ ({White should try} 54. Rb6 $1 $16) 54... Ke5 55. Re7+ Kf5 56. Kg1 a5 $2 {[%mdl 8192]} (56... Rc4 $11) 57. bxa5 $18 Rxc5 58. a6 Ra5 59. a7 $2 (59. Ra7 $18) 59... Ra2 $11 {The position is equal.} 60. Rf7+ Kg6 61. Rb7 Kf5 62. Re7 Kf6 63. Rb7 Kf5 64. Kf1 (64. g3 $5) 64... Kf4 65. Rg7 Ke3 $1 {[%cal Ra2a1]} 66. Re7+ Kf4 $1 67. Kg1 Ra1+ 68. Kh2 Ra2 69. Rf7+ (69. Kh1 {keeps more tension.} Ra1+ 70. Kh2) 69... Ke5 70. Kg1 Ke6 71. Rb7 Kf5 72. Rc7 Ke5 73. Kf1 Kf4 74. Rf7+ Ke3 {[%cal Ra2a1]} 75. Kg1 Ke4 76. Kh2 Ke5 77. Rb7 Kf4 78. Rg7 Kf5 79. Kg1 Kf6 80. Rb7 Ke5 {Precision: White = 59%, Black = 59%.} 1/2-1/2

[Event "16th IRI-chT Super League 2017"]
[Site "Sari"]
[Date "2017.10.18"]
[Round "8"]
[White "Veisi, Bardia"]
[Black "Ghaem Maghami, Ehsan"]
[Result "1/2-1/2"]
[WhiteElo "2321"]
[BlackElo "2564"]
[Annotator "TA"]
[PlyCount "37"]
[EventDate "2017.??.??"]
[EventType "team-tourn"]
[EventCountry "IRI"]
[SourceTitle "playchess.com"]
[Source "ChessBase"]
[SourceQuality "1"]

{[%evp 20,37,29,26,20,14,39,15,20,43,37,41,94,101,116,113,155,135,260,258]} 1. Nf3 Nf6 2. c4 e6 3. Nc3 d5 4. d4 dxc4 5. e4 Bb4 6. Bg5 b5 7. e5 {D39: Damengambit (Ragosin-Verteidigung)} (7. a4 c5 8. axb5 cxd4 9. Nxd4 h6 10. Bxf6 Qxf6 11. Bxc4 O-O 12. O-O Rd8 13. Qb3 Bc5 14. Nf3 Nd7 {½-½ (43) So,W (2812)-Aronian,L (2793) Leuven 2017}) 7... h6 8. Bh4 g5 9. Nxg5 hxg5 10. Bxg5 Nbd7 11. Qf3 {LiveBook: 6 Partien} Rb8 12. exf6 Bb7 13. Qg3 Bd6 14. Qe3 Nxf6 $146 ({Vorgänger:} 14... a6 15. d5 e5 16. O-O-O b4 17. Ne4 Nb6 18. f4 Nxd5 19. Qe2 b3 20. axb3 cxb3 21. fxe5 {1-0 (21) Krause,E-Altenburg,N DESC email 2003}) 15. Nxb5 Bd5 ({Günstiger ist} 15... Be7 $14) 16. Nxd6+ $16 cxd6 17. Qa3 Ke7 18. Bxc4 ({Doch nicht} 18. Qxa7+ $6 Rb7 $11) 18... Bxg2 (18... Rh5 $16 {kämpft weiter.}) 19. Rg1 {[%mdl 32768] An unexpected result.} 1/2-1/2